Libellus de medicinalibus indorum herbis (Record no. 167)

MARC details
000 -CABECERA
campo de control de longitud fija 01072nam a2200253 a 4500
001 - NÚMERO DE CONTROL
campo de control BRCA_198
005 - FECHA Y HORA DE LA ÚLTIMA TRANSACCIÓN
campo de control 20190320202922.0
008 - DATOS DE LONGITUD FIJA--INFORMACIÓN GENERAL
campo de control de longitud fija 921214s1964####mx-a#####b---#001-0#spa-#
041 ## - CÓDIGO DE LENGUA
Código de lengua del texto/banda sonora o título independiente spa
044 ## - CÓDIGO DEL PAÍS DE LA ENTIDAD EDITORA/PRODUCTORA
Código MARC del país mx
050 #4 - SIGNATURA TOPOGRÁFICA DE LA BIBLIOTECA DEL CONGRESO
Número de clasificación RS169
Número de documento/Ítem .C78 1964
100 1# - ENTRADA PRINCIPAL--NOMBRE DE PERSONA
Nombre de persona Cruz, Martín de la
9 (RLIN) 716
245 10 - MENCIÓN DE TÍTULO
Título Libellus de medicinalibus indorum herbis
Resto del título manuscrito azteca de 1552 según traducción latina de Juan Badiano
Mención de responsabilidad, etc. Martín de la Cruz.
260 ## - PUBLICACIÓN, DISTRIBUCIÓN, ETC.
Lugar de publicación, distribución, etc. México
Nombre del editor, distribuidor, etc. IMSS
Fecha de publicación, distribución, etc. 1964
300 ## - DESCRIPCIÓN FÍSICA
Extensión xii, 385 p.
Otras características físicas il. a color
Dimensiones 30 cm.
500 ## - NOTA GENERAL
Nota general Incluye índice náhuatl, índice botánico, índice zoológico, índice de minerales, rocas, suelos y fósiles, materia médica y enfermedades
500 ## - NOTA GENERAL
Nota general Incluye facsimil de: 1552, Actualmente en la biblioteca Apostolica Vaticana
650 14 - PUNTO DE ACCESO ADICIONAL DE MATERIA--TÉRMINO DE MATERIA
Término de materia o nombre geográfico como elemento de entrada Materia médica
Subdivisión cronológica Trabajos anteriores a 1800
9 (RLIN) 717
650 14 - PUNTO DE ACCESO ADICIONAL DE MATERIA--TÉRMINO DE MATERIA
Término de materia o nombre geográfico como elemento de entrada Botánica
Subdivisión general Historia
Subdivisión geográfica México
9 (RLIN) 718
650 14 - PUNTO DE ACCESO ADICIONAL DE MATERIA--TÉRMINO DE MATERIA
Término de materia o nombre geográfico como elemento de entrada Botánica
Subdivisión cronológica Trabajos anteriores a 1800
Subdivisión geográfica México
9 (RLIN) 719
700 1# - PUNTO DE ACCESO ADICIONAL--NOMBRE DE PERSONA
Nombre de persona Bandiano, Juan
Término indicativo de función/relación tr.
9 (RLIN) 720
740 0# - PUNTO DE ACCESO ADICIONAL--TÍTULO RELACIONADO O ANALÍTICO NO CONTROLADO
Título relacionado o analítico no controlado Opúsculo acerca de las hierbas medicinales de los indios
942 ## - ELEMENTOS DE PUNTO DE ACCESO ADICIONAL (KOHA)
Fuente del sistema de clasificación o colocación Library of Congress Classification
Tipo de ítem Koha Libros
Holdings
Estado de retiro Estado de pérdida Estado dañado No para préstamo Localización permanente Ubicación/localización actual Fecha de adquisición Total de préstamos Signatura topográfica completa Código de barras Fecha visto por última vez Precio válido a partir de Tipo de ítem Koha
El ejemplar forma parte de la colección y puede ser consultado según las políticas vigentes.       Biblioteca del Museo Franz Mayer (Rogerio Casas-Alatriste) Biblioteca del Museo Franz Mayer (Rogerio Casas-Alatriste) 25/06/2008   RS169 .C78 1964 00263 22/03/2019 22/03/2019 Libros